| 000 | 01228nam a2200337 a 4500 | ||
|---|---|---|---|
| 008 | |||
| 020 | _a9781416063889 (hardback) | ||
| 040 |
_aNUST _cNUST |
||
| 049 | _aMAIN | ||
| 090 |
_aRC649 _bNET |
||
| 245 | 1 | 0 |
_aThe Netter collection of medical illustrations : _bendocrine system a complilation of paintings by Frank H Netter/ _cedited by William F Young additional illustrations by Carlos A G Machado ; James A Perkins ; John A Craig & Kristen Wienandt. |
| 250 | _aSecond edition. | ||
| 260 |
_aPhiladelphia, PA : _bElsevier/Saunders, _c2011. |
||
| 300 |
_axii, 243 pages : _billustrations (chiefly colour) ; _c30 cm. |
||
| 336 |
_atext _btxt _2rdacontent |
||
| 337 |
_aunmediated _bn _2rdamedia |
||
| 338 |
_avolume _bnc _2rdacarrier |
||
| 500 | _aIncludes index. | ||
| 504 | _aIncludes bibliographical references. | ||
| 650 | 1 | _aEndocrine glands. | |
| 650 | _aPathology. | ||
| 650 | _aMedical illustration. | ||
| 650 | _aAnatomy,Pathological. | ||
| 650 | _aHuman anatomy. | ||
| 650 | _aHuman physiology. | ||
| 700 |
_aYoung, William F., _aeditor. |
||
| 907 |
_a.b10412086 _b01-11-21 _c01-11-21 |
||
| 003 | |||
| 005 | 20230120204333.0 | ||
| 942 |
_cBOOKS _kRC649 _mNET |
||
| 999 |
_c121435 _d121435 |
||